000 00695nam a2200277Ia 4500
005 20260324125801.0
008 008 260324s9999 xx 000 0 eng d
020 _a9780429141997
037 _aEBOOK
040 _aCRL
040 _beng
040 _cCRL
041 _2eng
041 _aeng
084 _qCRL
100 _aDankmar Bohning; Ronny Kuhnert; Sasivimol Rattanasiri
_91179311
245 0 _aMeta-analysis of Binary Data Using Profile Likelihood
260 _bTaylor and Francis
260 _c2008
365 _a
365 _b340
856 _uhttp://www.taylorfrancis.com/books/9780429141997
942 _cEBOOK
999 _c1774871
_d1774871